Football Players Born in the 2000's #2 - Sudden Death - Statistics

General Stats
  • This quiz has been taken 81 times
  • The average score is 8 of 10
Answers on the Grid
Answers color-coded by a green-red scale on the quiz's grid according to % correct below.
Abdukodir Khusanov
Achraf Hakimi
Bernardo Silva
Bruno Fernandes
Diogo Costa
Endrick
Estêvão
Florian Wirtz
Jamal Musiala
Jude Bellingham
Liam Delap
Mikel Merino
Noni Madueke
Omar Marmoush
Pedri
Xavi Simons
 
Answer Stats
Answer % Correct
Jude Bellingham
87%
Endrick
84%
Pedri
82%
Xavi Simons
82%
Florian Wirtz
81%
Jamal Musiala
81%
Estêvão
72%
Abdukodir Khusanov
71%
Noni Madueke
63%
Liam Delap
62%
No matching quizzes found
Score Distribution
Percent of People with Each Score
Percentile by Number Answered
Your Score History
You have not taken this quiz